|
|
|
|
| LEADER |
00000nas a2200000 i 4500 |
| 001 |
ssj0001077796 |
| 003 |
WaSeSS |
| 005 |
20200512172242.0 |
| 006 |
m d |
| 007 |
cr n |
| 008 |
131216u20uuuuuuck f| p|s|||||| |0spa d |
| 035 |
|
|
|a (WaSeSS)ssj0001077796
|
| 040 |
|
|
|a WaSeSS
|b eng
|c WaSeSS
|d WaSeSS
|
| 050 |
1 |
4 |
|a NK1160
|
| 245 |
0 |
0 |
|a IconoFacto
|h [electronic resource].
|
| 246 |
1 |
|
|a Iconofacto
|
| 260 |
|
|
|a Medellín, Colombia :
|b Universidad Pontificia Bolivariana
|
| 310 |
|
|
|a Semiannual
|
| 506 |
|
|
|a License restrictions may limit access.
|
| 588 |
|
|
|a Description based on: Volumen 6, Número 7 (Diciembre de 2010); title from article pdf (ProQuest, viewed Dec. 16, 2013).
|
| 588 |
|
|
|a Latest issue consulted: Volumen 8, Número 10 (Enero/Junio de 2012) (viewed Dec. 16, 2013).
|
| 650 |
|
0 |
|a Design
|v Periodicals.
|
| 655 |
|
0 |
|a Electronic journals.
|
| 776 |
0 |
8 |
|i Print version:
|t IconoFacto
|x 1900-2785
|
| 856 |
4 |
0 |
|z Full text available from Research Library: 01/01/2005 to 12/31/2008
|u https://search.proquest.com/publication/1666339
|
| 856 |
4 |
0 |
|z Full text available from Research Library: 01/01/2010 to 01/31/2017
|u https://search.proquest.com/publication/1666339
|